Name the Animal: Rapid Mode - Statistics

General Stats
  • This quiz has been taken 12 times
  • The average score is 13 of 16
Answer Stats
Picture Answer % Correct
kangaroo
100%
mouse
100%
peacock
100%
chicken
92%
zebra
92%
bat
83%
cat
83%
dog
83%
dolphin
83%
giraffe
83%
koala
83%
penguin
75%
polar bear
75%
porcupine
75%
octopus
67%
wombat
67%
No matching quizzes found
Score Distribution
Percent of People with Each Score
Percentile by Number Answered
Your Score History
You have not taken this quiz